00834nam a22001577a 4500008004100000020001500041050002900056245032100085260003400406300002200440440003300462800001800495942001200513999001600525952013500541140819b xxu||||| |||| 00| 0 eng d a0406091293 aKD276.3.L39(1890 vol.44) aThe Law Reports(1890 vol.44) Chancery division: Under the Superintendence and control of the Incorporated council of law reporting for England and wales. Supreme court of Judicature. Cases determined in the Chancery Division and in Lunacy, and on appeal therefrom in the Court of appeal. /cEdited by: G. W. Hemming. aLondon:bButterworth.,c1890. aIx, 718p.:c24cm. pChancery Division.vVol Xliv aHemming, G. W 2lcccBK c3495d10995 00102lcc4070aWIUC-1bWIUC-1cGENd2014-08-19l0oKD276.3.L39(1890 vol.44)p1670/657/14r2014-08-19 00:00:00t1w2014-08-19yBK